[Event "5th SC 1400/1800"]
[Site "SchemingMind.com"]
[Date "2006.03.07"]
[Round "-"]
[White "Gary"]
[Black "spoke"]
[Result "1-0"]
[WhiteCountry "ENG"]
[BlackCountry "GER"]
[WhiteElo "1477"]
[WhiteRD "63"]
[BlackElo "1658"]
[BlackRD "66"]
[GameID "41854"]

1. e4 e5 2. Nf3 Nc6 3. Bb5 a6 4. Ba4 Nf6 5. O-O Be7 6. Re1 b5 7. Bb3 d6 8. c3 O-O 9. d4 Bg4 10. d5 Na5
11. Bc2 c5 12. b3 Nb7 13. Be3 Rc8 14. Nbd2 b4 15. cxb4 cxb4 16. Nc4 Na5 17. Bb6
1-0

[Event "5th SC 1400/1800"]
[Site "SchemingMind.com"]
[Date "2006.03.07"]
[Round "-"]
[White "spoke"]
[Black "Gary"]
[Result "1-0"]
[WhiteCountry "GER"]
[BlackCountry "ENG"]
[WhiteElo "1694"]
[WhiteRD "64"]
[BlackElo "1513"]
[BlackRD "66"]
[GameID "41855"]

1. e4 c5 2. Nf3 d6 3. d4 cxd4 4. Nxd4 Nf6 5. Nc3 g6 6. Be3 Bg7 7. f3 O-O 8. Qd2 Bd7 9. O-O-O Nc6 10. g4 Rc8
11. h4 h5 12. Be2 e5 13. Ndb5 hxg4 14. Nxd6 gxf3 15. Bxf3 Rb8 16. h5 Nd4 17. Bxd4 exd4 18. Qxd4 Nxh5 19. Qc5 Nf4 20. e5 Ne6
21. Qe3 Qa5 22. Rd5 Qb6 23. Qxb6 axb6 24. Re1 Bc6 25. Rd3 Nc5 26. Bxc6 Nxd3+ 27. cxd3 bxc6 28. e6 fxe6 29. Rxe6 Kh7 30. Nce4 Bh6+
31. Kc2 Kg7 32. Re7+
1-0

[Event "5th SC 1400/1800"]
[Site "SchemingMind.com"]
[Date "2006.03.08"]
[Round "-"]
[White "spoke"]
[Black "Specter"]
[Result "1-0"]
[WhiteCountry "GER"]
[BlackCountry "USA"]
[WhiteElo "1694"]
[WhiteRD "64"]
[BlackElo "1330"]
[BlackRD "72"]
[GameID "41954"]

1. e4 e5 2. Nf3 d6 3. d4 exd4 4. Qxd4 Nc6 5. Bb5 Be7 6. Nc3 Nf6 7. Nd5 O-O 8. Bxc6 bxc6 9. Nc3 c5 10. Qd1 Be6
11. O-O Rb8 12. b3 Bg4 13. h3 Bxf3 14. Qxf3 c6 15. Bb2 d5 16. Rad1 Qd6 17. Rfe1 Bd8 18. e5 Qe6 19. exf6 Qxf6 20. Qxf6 Bxf6
21. Na4 Bg5 22. Nxc5 Rbd8 23. g3 a5 24. h4 Bh6 25. Re7 Rb8 26. Nb7 g5 27. Nxa5 gxh4 28. gxh4 Bg7 29. Bxg7 Kxg7 30. Nxc6 Rbc8
31. Nd4 Kg8 32. Rde1 Ra8 33. a4 Rab8 34. Rd7 Rb6 35. Rxd5 Rg6+ 36. Rg5 Rxg5+ 37. hxg5 Rd8= 38. a5 Rxd4 39. a6 Rg4+ 40. Kh2 Rxg5
41. Rg1 h6 42. a7 Kh7 43. Rxg5 hxg5 44. a8=Q Kh6 45. Qg8 g4 46. Qxg4 f6 47. Kg3 f5 48. Qg8 f4+ 49. Kxf4 Kh5 50. Qh7#
1-0

[Event "5th SC 1400/1800"]
[Site "SchemingMind.com"]
[Date "2006.03.08"]
[Round "-"]
[White "budi"]
[Black "spoke"]
[Result "1/2-1/2"]
[WhiteCountry "INA"]
[BlackCountry "GER"]
[WhiteElo "1933"]
[WhiteRD "146"]
[BlackElo "1621"]
[BlackRD "70"]
[GameID "41978"]

1. Nf3 d5 2. d4 Nf6 3. c4 e6 4. Nc3 c6 5. Bg5 Be7 6. e3 Nbd7 7. Rc1 h6 8. Bh4 b6 9. cxd5 Nxd5 10. Bxe7 Qxe7
11. Nxd5 cxd5 12. Bd3 Nf6 13. O-O O-O 14. Qc2 Bb7 15. Qc7 Qxc7 16. Rxc7 Rab8 17. Rfc1 Rfc8 18. Ne5 Ne8 19. R7c3 Nd6 20. f3 Rxc3
21. Rxc3 Rc8 22. Rxc8+ Bxc8 23. Nc6 a5 24. Kf2 Bb7 25. Nb8 b5 26. Nd7 a4 27. Nc5 Bc6 28. b3 Kf8 29. h4 Ke7 30. g4 g5
31. hxg5 hxg5=
1/2-1/2

[Event "5th SC 1400/1800"]
[Site "SchemingMind.com"]
[Date "2006.03.08"]
[Round "-"]
[White "spoke"]
[Black "budi"]
[Result "0-1"]
[WhiteCountry "GER"]
[BlackCountry "INA"]
[WhiteElo "1608"]
[WhiteRD "69"]
[BlackElo "1922"]
[BlackRD "175"]
[GameID "41981"]

1. e4 c6 2. d4 d5 3. exd5 cxd5 4. Nc3 Nc6 5. Bb5 Nf6 6. Nf3 Bg4 7. h3 Bxf3 8. Bxc6+ bxc6 9. Qxf3 e6 10. Bf4 Qb6
11. O-O Be7 12. Rab1 Qxd4 13. Rfd1 Qc4 14. Be5 O-O 15. b3 Qh4 16. Rd4 Qg5 17. Ne2 Qxe5
0-1

[Event "5th SC 1400/1800"]
[Site "SchemingMind.com"]
[Date "2006.03.09"]
[Round "-"]
[White "Easy_E"]
[Black "spoke"]
[Result "0-1"]
[WhiteCountry "USA"]
[BlackCountry "GER"]
[WhiteElo "1469"]
[WhiteRD "71"]
[BlackElo "1658"]
[BlackRD "66"]
[GameID "42179"]

1. e4 e5 2. Nf3 Nc6 3. Nc3 Nf6 4. d3 d5 5. g3 dxe4 6. dxe4 Qxd1+ 7. Nxd1 Nxe4 8. Bb5 f6 9. Nc3 Nxc3 10. bxc3 Bd7
11. O-O a6 12. Be2 Bc5 13. Be3 Bxe3 14. fxe3 O-O-O 15. Rab1 Be6 16. Rb2 Na5 17. Rfb1 Bd5 18. Nd2 f5 19. c4 Bc6 20. g4 Rxd2
21. Bd3 e4 22. Bf1 Rhd8 23. gxf5 Rd1 24. Rxd1 Rxd1 25. Kf2 Rd2+ 26. Ke1 Rxh2 27. Rb4 Rxc2 28. Bh3 Rh2 29. Bg4 Rg2 30. Bh3 Rg3
31. Bf1 Rxe3+ 32. Kf2 Ra3 33. Bh3 Rxh3 34. Ke2 Ra3 35. c5 Nc4 36. Rxc4 Bb5
0-1

[Event "5th SC 1400/1800"]
[Site "SchemingMind.com"]
[Date "2006.03.09"]
[Round "-"]
[White "Easy_E"]
[Black "budi"]
[Result "0-1"]
[WhiteCountry "USA"]
[BlackCountry "INA"]
[WhiteElo "1579"]
[WhiteRD "86"]
[BlackElo "1933"]
[BlackRD "146"]
[GameID "42180"]

1. e4 c6 2. d4 d5 3. Nc3 dxe4 4. Nxe4 Bf5 5. Ng3 Bg6 6. c3 e6 7. Nf3 Nf6 8. Bg5 Bd6 9. Bd3 Bxd3 10. Qxd3 Nbd7
11. O-O O-O 12. Bh4 Qc7 13. Ng5 h6 14. N3e4 hxg5 15. Nxg5 Bxh2+ 16. Kh1 Bf4 17. Ne4 Nxe4 18. Qxe4 g6 19. Be7 Rfe8 20. Bb4 Kg7
21. g3 Rh8+ 22. Kg2 Bd6 23. d5 exd5 24. Qd4+ Be5 25. Qe3 c5 26. Rh1 cxb4 27. Rxh8 Rxh8 28. Rh1 Rxh1 29. Kxh1 Qc5 30. Qd2 bxc3
31. bxc3 Bxc3 32. Qc2 d4 33. Qa4 Qc6+
0-1

[Event "5th SC 1400/1800"]
[Site "SchemingMind.com"]
[Date "2006.03.09"]
[Round "-"]
[White "Easy_E"]
[Black "Specter"]
[Result "1-0"]
[WhiteCountry "USA"]
[BlackCountry "USA"]
[WhiteElo "1400"]
[WhiteRD "65"]
[BlackElo "1330"]
[BlackRD "72"]
[GameID "42181"]

1. e4 e5 2. Nf3 Nf6 3. Nc3 Nc6 4. Bb5 Bb4 5. d4 O-O 6. dxe5 a6 7. Bg5 h6 8. Bh4 Ng4 9. Bxd8 Rxd8 10. O-O d6
11. Bc4 b5 12. Nd4 Bb7 13. Bd5 Ngxe5 14. Nf5 Kf8 15. Qh5 a5 16. f4 Bc5+ 17. Kh1 b4 18. Qxf7+ Nxf7 19. Nb5 Rdc8 20. e5 Ba6
21. Bxc6 Rab8 22. e6 Rb6 23. e7+ Kg8 24. Na7 Rcb8 25. Rfe1 g6 26. e8=Q+ Rxe8 27. Rxe8+ Kh7 28. Bd5 gxf5 29. Bxf7 b3 30. axb3 Rb4
31. Bc4 Bxc4 32. Nc6 Bd5 33. Nxb4 Bxb4 34. Re7+ Kh8 35. Rxc7 h5 36. c3 Bc5 37. Rxa5 h4 38. Rb5 h3 39. Rb8+ Bg8 40. gxh3 Be3
41. Rf8 Bxf4 42. Rxf5 Bh6 43. Rh5 Bxb3 44. Rxh6+ Kg8 45. Rxd6 Kh8 46. Rd8+ Bg8 47. Rcc8 Kh7 48. Rxg8 Kh6 49. Rg4 Kh5 50. Rh8#
1-0

[Event "5th SC 1400/1800"]
[Site "SchemingMind.com"]
[Date "2006.03.10"]
[Round "-"]
[White "spoke"]
[Black "Easy_E"]
[Result "1-0"]
[WhiteCountry "GER"]
[BlackCountry "USA"]
[WhiteElo "1621"]
[WhiteRD "70"]
[BlackElo "1579"]
[BlackRD "86"]
[GameID "42183"]

1. e4 e5 2. Nf3 d6 3. d4 Nc6 4. dxe5 dxe5 5. Qxd8+ Nxd8 6. Nxe5 Nf6 7. Bd3 Bb4+ 8. Bd2 a5 9. a3 Bd6 10. Nc4 b6
11. Nxd6+ cxd6 12. Nc3 Ba6 13. Bxa6 Rxa6 14. Nb5 Ne6 15. Nxd6+ Ke7 16. Nf5+ Kf8 17. f3 g6 18. Bh6+ Ke8 19. Ng7+ Ke7 20. Nxe6 Kxe6
21. O-O-O Ke5 22. Bg7 Rc8 23. Rd5+ Kf4 24. Bxf6 Ke3 25. Bg5+ Kf2 26. Rd2#
1-0

[Event "5th SC 1400/1800"]
[Site "SchemingMind.com"]
[Date "2006.03.10"]
[Round "-"]
[White "budi"]
[Black "Easy_E"]
[Result "1-0"]
[WhiteCountry "INA"]
[BlackCountry "USA"]
[WhiteElo "1933"]
[WhiteRD "146"]
[BlackElo "1579"]
[BlackRD "86"]
[GameID "42184"]

1. Nf3 Nf6 2. c4 d5 3. cxd5 Qxd5 4. Nc3 Qd6 5. e4 e5 6. Bb5+ c6 7. Be2 Nbd7 8. O-O Be7 9. d4 O-O 10. Be3 Ng4
11. Qd3 b6 12. Rad1 Bh4 13. Nxh4 exd4 14. Bxg4 Nc5 15. Qe2 d3 16. Qf3 Re8 17. Bxc8 Raxc8 18. Nf5 Qe5 19. Bd4 Qc7 20. Nxg7 Red8
21. Nf5 b5 22. Qg4+ Kf8 23. Bxc5+ Ke8 24. Qg8+ Kd7 25. Qxf7#
1-0

[Event "5th SC 1400/1800"]
[Site "SchemingMind.com"]
[Date "2006.03.15"]
[Round "-"]
[White "PugadLawin"]
[Black "Gary"]
[Result "1-0"]
[WhiteCountry "PHI"]
[BlackCountry "ENG"]
[WhiteElo "1795"]
[WhiteRD "83"]
[BlackElo "1477"]
[BlackRD "63"]
[GameID "42812"]

1. e4 c5 2. Nf3 d6 3. d4 cxd4 4. Nxd4 Nf6 5. Nc3 a6 6. Bg5 e6 7. f4 Nbd7 8. Qf3 Be7 9. O-O-O Qc7 10. g4 h6
11. Bxf6 Bxf6 12. h4 b5 13. g5 hxg5 14. hxg5 Rxh1 15. Qxh1 Bxd4 16. Rxd4
1-0

[Event "5th SC 1400/1800"]
[Site "SchemingMind.com"]
[Date "2006.03.15"]
[Round "-"]
[White "PugadLawin"]
[Black "spoke"]
[Result "1-0"]
[WhiteCountry "PHI"]
[BlackCountry "GER"]
[WhiteElo "1812"]
[WhiteRD "82"]
[BlackElo "1692"]
[BlackRD "64"]
[GameID "42813"]

1. e4 e5 2. Nf3 Nc6 3. Bb5 Bb4 4. O-O Nge7 5. c3 Ba5 6. d4 exd4 7. cxd4 d5 8. e5 O-O 9. Bg5 h6 10. Bh4 Bg4
11. Bxc6 bxc6 12. Qd3 Rb8 13. b3 Qd7 14. Bxe7 Qxe7 15. Nbd2 Bb6 16. Rac1 c5 17. dxc5 Bxc5 18. Qxd5 Bxf3 19. Nxf3 Ba3 20. Rcd1 Rfd8
21. Qc6 Rb6 22. Qc2 f6 23. Rxd8+ Qxd8 24. Rd1 Qe7 25. Qf5 fxe5 26. Qxe5 Qxe5 27. Nxe5 Rd6 28. Rxd6 Bxd6 29. Nc4 Bc5 30. Kf1 Kf7
31. Ke2 Ke6 32. f4 g5 33. fxg5 hxg5 34. g4 Kd5 35. Kd3 Bg1 36. h3 Bc5 37. a3 a5 38. a4 Bb4 39. Ne3+ Ke5 40. Ng2 Kd5
41. h4 gxh4 42. Nxh4 Ke5 43. Ng2 Bc5 44. Ne3 Kf4 45. Nd5+ Kxg4 46. Nxc7 Kf5 47. Kc4 Bf2 48. Kb5 Be1 49. Nd5
1-0

[Event "5th SC 1400/1800"]
[Site "SchemingMind.com"]
[Date "2006.03.15"]
[Round "-"]
[White "PugadLawin"]
[Black "budi"]
[Result "1/2-1/2"]
[WhiteCountry "PHI"]
[BlackCountry "INA"]
[WhiteElo "1812"]
[WhiteRD "82"]
[BlackElo "2001"]
[BlackRD "116"]
[GameID "42814"]

1. Nf3 d5 2. c4 c6 3. d4 Nf6 4. e3 Bf5 5. Bd3 Bxd3 6. Qxd3 e6 7. O-O dxc4 8. Qxc4 Bd6 9. b3 O-O 10. Bb2 Nbd7
11. Nbd2 Qe7 12. Ne5 Rfd8 13. Rfd1 Nb6 14. Qc2 Rac8 15. Ndf3 c5 16. dxc5 Rxc5 17. Qe2 Ne4 18. Rac1 f6 19. Rxc5 Nxc5 20. Nd3 Ne4=
21. Rc1 e5 22. Nfe1 f5 23. f3 Ng5 24. Nf2 e4 25. f4 Ne6 26. g3 Nd5 27. Ng2 Bc5 28. Kh1 Nb4 29. Rd1 Rxd1+ 30. Nxd1 Qd7
31. a3 Nd3 32. b4 Bb6 33. Qc2 a5=
1/2-1/2

[Event "5th SC 1400/1800"]
[Site "SchemingMind.com"]
[Date "2006.03.15"]
[Round "-"]
[White "PugadLawin"]
[Black "Specter"]
[Result "1-0"]
[WhiteCountry "PHI"]
[BlackCountry "USA"]
[WhiteElo "1812"]
[WhiteRD "82"]
[BlackElo "1260"]
[BlackRD "68"]
[GameID "42815"]

1. e4 e5 2. Nf3 Nf6 3. Nxe5 d6 4. Nf3 Nc6 5. Nc3 Be7 6. d4 Bg4 7. Be2 O-O 8. O-O a6 9. h3 Bxf3 10. Bxf3 d5
11. Nxd5 Bd6 12. Nxf6+ Qxf6 13. e5 Nxe5 14. dxe5 Qxe5 15. g3 b5 16. Bxa8 Rxa8 17. c3 Re8 18. Bf4 Qe6 19. Bxd6 cxd6 20. Re1 Qd7
21. Rxe8+ Qxe8 22. Qxd6 g6 23. Rd1 Qc8 24. Qf6 a5 25. h4 b4 26. cxb4 axb4 27. h5 Qf8 28. Rd5 Qg7 29. Rd8+ Qf8 30. h6 b3
31. Qg7#
1-0

[Event "5th SC 1400/1800"]
[Site "SchemingMind.com"]
[Date "2006.03.15"]
[Round "-"]
[White "PugadLawin"]
[Black "Easy_E"]
[Result "1-0"]
[WhiteCountry "PHI"]
[BlackCountry "USA"]
[WhiteElo "1795"]
[WhiteRD "83"]
[BlackElo "1469"]
[BlackRD "71"]
[GameID "42816"]

1. e4 e5 2. Nf3 d6 3. d4 Nc6 4. Bb5 Bd7 5. Nc3 Nf6 6. O-O a6 7. Bxc6 bxc6 8. dxe5 dxe5 9. Nxe5 Be6 10. Nxc6 Qd6
11. Qxd6 Bxd6 12. e5 Bc4 13. Re1 O-O 14. exd6 cxd6 15. b3 Be6 16. Nd4 Bc8 17. Bg5 h6 18. Bxf6 gxf6 19. Nd5 Ra7 20. Nxf6+ Kg7
21. Ne8+ Kh8 22. Nxd6 Bg4 23. c4 Rd7 24. c5 Rc8 25. b4 a5 26. a3 h5 27. Nxc8 Rxd4 28. b5 Bxc8 29. Re8+ Kg7 30. Rxc8 Rd3
31. c6
1-0

[Event "5th SC 1400/1800"]
[Site "SchemingMind.com"]
[Date "2006.03.21"]
[Round "-"]
[White "Gary"]
[Black "PugadLawin"]
[Result "0-1"]
[WhiteCountry "ENG"]
[BlackCountry "PHI"]
[WhiteElo "1477"]
[WhiteRD "63"]
[BlackElo "1795"]
[BlackRD "83"]
[GameID "42817"]

1. e4 c5 2. Nf3 a6 3. d4 cxd4 4. Nxd4 Nf6 5. Nc3 e5 6. Nb3 Bb4 7. f3 d5 8. exd5 Nxd5 9. Bd2 Nxc3 10. Bxc3 Bxc3+
11. bxc3 Qc7 12. Qd2 O-O 13. Bd3 Be6
0-1

[Event "5th SC 1400/1800"]
[Site "SchemingMind.com"]
[Date "2006.03.15"]
[Round "-"]
[White "spoke"]
[Black "PugadLawin"]
[Result "1-0"]
[WhiteCountry "GER"]
[BlackCountry "PHI"]
[WhiteElo "1658"]
[WhiteRD "66"]
[BlackElo "1795"]
[BlackRD "83"]
[GameID "42818"]

1. e4 c5 2. Nf3 a6 3. d4 cxd4 4. Nxd4 Nf6 5. Nc3 e5 6. Nf3 Bb4 7. Bd3 d5 8. Bg5 dxe4 9. Bxe4 Bxc3+ 10. bxc3 Qc7
11. Bxf6 Qxc3+ 12. Nd2 gxf6 13. O-O Nc6 14. Rb1 Ke7 15. Rb3 Qc5 16. Qf3 Nd4 17. Qd3 Nxb3 18. Qxb3 b5 19. Bxa8 Be6 20. Qf3 f5
21. Qb7+ Kf6 22. Qf3 Qxc2 23. Ne4+ Kg7 24. Ng5 Qxa2 25. Nxe6+ fxe6 26. Qg3+ Kf7 27. Bf3 e4 28. Bh5+ Kf6 29. Qc3+ e5 30. Ra1 Qe6
31. Qd2 f4 32. h3 Qb6 33. Qd7 e3 34. Qf7+ Kg5 35. Qg7+ Kxh5 36. Qg4+ Kh6 37. h4 exf2+ 38. Kf1 Qg6 39. Rxa6 Rg8 40. Qg5+
1-0

[Event "5th SC 1400/1800"]
[Site "SchemingMind.com"]
[Date "2006.03.16"]
[Round "-"]
[White "budi"]
[Black "PugadLawin"]
[Result "1-0"]
[WhiteCountry "INA"]
[BlackCountry "PHI"]
[WhiteElo "2001"]
[WhiteRD "116"]
[BlackElo "1812"]
[BlackRD "82"]
[GameID "42819"]

1. d4 Nf6 2. c4 c5 3. d5 e5 4. dxe6 fxe6 5. Nc3 Nc6 6. e4 d6 7. Nf3 Be7 8. Be2 O-O 9. O-O a6 10. h3 Rb8
11. Be3 e5 12. Bd3 Kh8 13. Nd5 b5 14. Nxf6 Bxf6 15. cxb5 axb5 16. b3 Be6 17. Nd2 Qd7 18. a4 b4 19. Bb5 Qc7 20. Bc4 Bxc4
21. Nxc4 Rfd8 22. Qd3 Nd4 23. a5 d5 24. exd5 Rxd5 25. Bxd4 Rxd4 26. Qf5 Rf4 27. Qe6 e4 28. Rae1 Bd4 29. Rxe4 Rbf8 30. Rxf4 Qxf4
31. a6 Qc7 32. Qd6 Qf7 33. a7 Ra8 34. Qb8+ Qg8 35. Qb7
1-0

[Event "5th SC 1400/1800"]
[Site "SchemingMind.com"]
[Date "2006.03.16"]
[Round "-"]
[White "Easy_E"]
[Black "PugadLawin"]
[Result "0-1"]
[WhiteCountry "USA"]
[BlackCountry "PHI"]
[WhiteElo "1469"]
[WhiteRD "71"]
[BlackElo "1795"]
[BlackRD "83"]
[GameID "42821"]

1. e4 e5 2. Nf3 Nc6 3. d3 g6 4. b3 Bg7 5. Bb2 Nge7 6. g3 O-O 7. d4 d6 8. Ng5 Nxd4 9. Bc4 h6 10. Bxf7+ Rxf7
11. Nxf7 Kxf7 12. c3 Ndc6 13. c4 Be6 14. Qf3+ Kg8 15. O-O Qd7 16. Qc3 Nd4 17. Re1 Rf8 18. Re3 h5 19. Qa5 Nc2 20. Qxa7 Nxe3
21. fxe3 b6 22. Nc3 Bh6 23. Nd5 Nxd5 24. exd5 Bxe3+ 25. Kh1 Bh3 26. Ba3 Qg4 27. Rg1 Qf3+ 28. Rg2 Qxg2#
0-1